000 00384nam a22001697a 4500
005 20160618170123.0
008 160618b xxu||||| |||| 00| 0 eng d
020 _a0-19-369087
041 _aeng
082 _b8309
100 _aBedi, Kavishka
_92273
245 _aProduction and Operations Mgt.
260 _bOxford
300 _a783
650 _aManagement
_9241
942 _cBK
999 _c3181
_d3180